000 01358cam a2200301 4500
001 ABS68274
008 040929n2004 000 0 eng u
035 _a(Sirsi) u127564
100 _aFetherstonhaugh, G.
245 _aSquatters' rights
260 _c2004
490 _aEstates Gazette
_v(0437) 11 September 2004, 138-139(2)
520 _aReviews the current legal position in relation to squatters' rights. Refers to case law to illustrate how title can be acquired under the 12 years adverse possession route pursuant to the Limitation Act 1980 s15 and Sched 1 paras 1 and 8. Argues that "Perry v New Islington and Hackney Housing Association" (Unreported), which held that no right of action could arise because the continuation tenancy was not terminable by notice to quit, offers hope for landlords faced with adverse possession claims.
590 _aABS
590 _aABS
650 _aADVERSE POSSESSION
650 _aSQUATTERS RIGHTS
650 _aRENT ACTS
650 _aLANDLORD AND TENANT ACT 1954
650 _aLAMBETH LBC V BLACKBURN
650 _aJA PYE (OXFORD) LTD V GRAHAM
650 _aMOSES V LOVEGROVE
650 _aLONG V TOWER HAMLETS LBC
650 _aONYX (UK) LTD V BEARD AND OTHERS
650 _aPERRY V NEW ISLINGTON AND HACKNEY HOUSING ASSOCIATION
690 _aPROPERTY AND LAND LAW
942 _n0
999 _c118088
_d118088